Estrategias de litigación y teoría del caso (Registro nro. 22574)

000 -Cabecera
Campo de control interno 02822nam a2200277 4500
001 - Número de control
control field ESSALUD
005 - Fecha y hora de la última transacción
Campo de control 20260701103553.0
007 - Tipo material - Descripcion fisica - info general
Tipo material - Descripcion fisica - info general ta
008 - Elementos de Longitud Fija - Información General
Elementos de Longitud Fija - Información t pe ||||| |||| 00| 0 spa d
040 ## - Origen de la Catalogación
Origen de la Catalogación BMG
041 ## - Idioma
Idioma spa
100 ## - Autor
Autor Rioja Bermúdez, Alexander
Rol del Autor Autor
9 (RLIN) 47321
245 ## - Titulo
Titulo Estrategias de litigación y teoría del caso
Subtitulo Perspectivas en el modelo de oralidad civil
246 ## - Variante del Titulo
Titulo Litigation Strategies and Case Theory
Subtitulo Perspectives within the civil orality model
300 ## - Páginas
Paginación páginas 9-21
520 ## - Resumen
Resumen El autor considera que la teoría del caso trasciende la dicotomía entre "verdad" y "estrategia", demostrando que en el Derecho Procesal la verdad solo es procesalmente relevante cuando se presenta a través de un planteamiento estraté­gico que cumpla con los estándares de sencillez, lógica y suficiencia jurídica, convir­tiendo al abogado en un profesional que no solo conoce la ley, sino que sabe narrar y probar. Asimismo, refiere que la utilidad de una teoría del caso correctamente estructurada trasciende la mera redacción de la demanda, convirtiéndose en el mapa estratégico que guía toda la actividad en el proceso civil, en la medida en que una de sus funciones primordiales es planificar y organizar los alegatos de apertura. Todo ello, afirma, es vital en el nuevo modelo de oralidad, pues permite al abogado presentar una hipótesis coherente que capture la atención del juez desde el primer contacto directo en la audiencia preliminar.
520 ## - Resumen
Resumen The author posits that the cose theory tronscends the dichotomy between "truth" ond "strotegy," demonstroting thot in procedurol low, truth is only relevant when presented through a strotegic fromework that meets the standards of simp/icity, /ogic, and legal sufficiency. This tronsforms the lawyer into o professiono/ who not on/y knows the /ow but a/so masters norrotion and evidence. Furthermore, the author notes thot the utility of a proper/y structured cose theory goes beyond the mere drofting of the complaint; it serves os the strotegic roodmap guiding al! octivity within the civil proceedings, os one of its primory functions is to pion and organize the opening stotements. Al! of this, he osserts, is vital in the new orolity model, os it al/ows the /owyer to present o coherent hypothesis thot captures the judge's ottention from the first direct contoct at the preliminary hearing.
650 ## - Temas - Descriptores
Temas - Descriptores TEORÍA DEL CASO
9 (RLIN) 52919
650 ## - Temas - Descriptores
Temas - Descriptores LITIGACIÓN ORAL
9 (RLIN) 52920
650 ## - Temas - Descriptores
Temas - Descriptores AUDIENCIA PRELIMINAR
9 (RLIN) 52921
650 ## - Temas - Descriptores
Temas - Descriptores CASE THEORY
9 (RLIN) 52922
650 ## - Temas - Descriptores
Temas - Descriptores ORAL ADVOCACY
9 (RLIN) 53037
650 ## - Temas - Descriptores
Temas - Descriptores PRELIMINARY HEARING
9 (RLIN) 52924
773 0# - Revista (Relacion con el numero)
Host Biblionumber 22573
Host Itemnumber 22620
Ciudad, Editorial Lima Grupo Praxis Formación Profesional, 2026-
Codigo barras item/ejemplar PRA001
Titulo de la Revista Praxis Civil & Procesal Civil
Número de control de registro ESSALUD
ISSN 3119-7671
942 ## - Elementos de Koha
Tipo de Documento Artículos
Fecha procesamiento 2026-06-30
Catalogador sqb

No hay ítems disponibles.